000 00647nam a2200193Ii 4500
003 JO-AjNU
008 230605s9999||||xx |||||||||||||| ||und||
040 _aJO-AjNU
_bara
_erda
_cJO-AjNU
041 _aara
050 1 4 _aBP130.4.S3 1969
100 3 _aخليل، السيد أحمد,
_eauthor
_939247
245 0 0 _aدراسات في القرآن
264 3 1 _aبيروت: دار النهضة العربية، 1969
300 _a171ص
336 _atext
_btxt
_2rdacontent
337 _aunmediated
_bn
_2rdamedia
338 _avolume
_bnc
_2rdacarrier
650 4 _aالقران الكريم - مباحث عامة - القران - علوم
_939248
999 _aA16560
_c20128
_d20128